000 00548nam a2200193 a 4500
005 20240925064729.0
008 991125s1982 es 000 0 spa u
020 _a8430909192
035 _aUPN01000036977
049 _aCG
050 4 _aQH541.145
_bF4.58
100 1 _aFeenberg, Andrew
245 1 0 _aMás allá de la supervivencia :
_bdebate ecológico /
_cAndrew Feenberg ; tr. Juan Alvarez.
260 _aMadrid :
_bTecnos,
_c1982.
300 _a91 p.
650 7 _aPolítica ambiental
_2
_91340
650 4 _aEcología
_95860
905 _aLibro
999 _c36977
_d36977